The student's guide to the practice of measuring and valuing artificers works (Record no. 114049)

MARC details
000 -LEADER
fixed length control field 00653cam a22002055a 4500
001 - CONTROL NUMBER
control field L156132
008 - FIXED-LENGTH DATA ELEMENTS--GENERAL INFORMATION
fixed length control field 120501s1871 xxk f 000 0 eng d
035 ## - SYSTEM CONTROL NUMBER
System control number (Sirsi) u156132
041 0# - LANGUAGE CODE
Language code of text/sound track or separate title eng
100 1# - MAIN ENTRY--PERSONAL NAME
Personal name Dobson, Edward
Dates associated with a name 1816-1908
245 04 - TITLE STATEMENT
Title The student's guide to the practice of measuring and valuing artificers works
250 ## - EDITION STATEMENT
Edition statement New ed.
Remainder of edition statement with additions .. by E. W. Tarn
260 ## - PUBLICATION, DISTRIBUTION, ETC.
Place of publication, distribution, etc. London
Name of publisher, distributor, etc. Lockwood & Co.
Date of publication, distribution, etc. 1871
300 ## - PHYSICAL DESCRIPTION
Extent xxvii, 351p.
Other physical details ill.
Dimensions 23 cm.
583 ## - ACTION NOTE
Action Condition reviewed
Time/date of action 20120620
Status condition level 4
651 #4 - SUBJECT ADDED ENTRY--GEOGRAPHIC NAME
Geographic name Great Britain
Chronological subdivision 1707-
690 ## - LOCAL SUBJECT ADDED ENTRY--TOPICAL TERM (OCLC, RLIN)
Topical term or geographic name as entry element Measurement
9 (RLIN) 6256
700 1# - ADDED ENTRY--PERSONAL NAME
Personal name Tarn, Edward Wyndham
942 ## - ADDED ENTRY ELEMENTS (KOHA)
Suppress in OPAC 0
Holdings
Withdrawn status Lost status Damaged status Not for loan Home library Current library Shelving location Date acquired Total Checkouts Full call number Barcode Date last seen Copy number Price effective from Koha item type
        Historic collection Historic collection Historic collection 01/05/2012   MEASUREMENT QUARTO 1871 DOBSON 30077983 22/08/2025 1 06/08/2019 Book